000 00610nam a2200193Ia 4500
005 20260114185705.0
008 008 260114s9999 xx 000 0 eng d
020 _a9780755623495
037 _aEBOOK
040 _aCRL
_beng
_cCRL
041 _aeng
_2eng
084 _qCRL
100 _aRichard J Ginn
_9873185
245 4 _aThe Politics of Prayer in Early Modern Britain Church and State in Seventeenth-century England
260 _bBloomsbury
_c2007
856 _uhttps://doi.org/10.5040/9780755623495?locatt=label:secondary_bloomsburyCollections
942 _cEBOOK
999 _c1472133
_d1472133